Central Library, Doon University
WEBOPAC (ONLINE PUBLIC ACCESS CATALOGUE)

Harmony Wisdom (Record no. 60866)

MARC details
000 -LEADER
fixed length control field 00781nam a22002417a 4500
005 - DATE & TIME
control field 20260523125241.0
008 - FIXED-LENGTH DATA ELEMENTS--GENERAL INFORMATION
fixed length control field 260523b |||||||| |||| 00| 0 eng d
020 ## - ISBN
International Standard Book Number 9789360289522
Price 1250.00
040 ## - CATALOGING SOURCE
Original cataloging agency Doon University
041 ## - Language
Language English
082 ## - DDC NUMBER
Classification number 294.5921
Book Number RAN
100 ## - MAIN ENTRY--PERSONAL NAME
Personal name Rana, J.M.S. (ed)
245 ## - TITLE STATEMENT
Title Harmony Wisdom
Sub Title : Exploring the Parallels Between Modern Science And Vedas
260 ## - PUBLICATION, DISTRIBUTION, ETC. (IMPRINT)
Place of publication, distribution, etc Dehradun
Name of publisher, distributor, etc Bishan Singh Mahindra Pal Singh
Date of publication, distribution, etc 2025
300 ## - PHYSICAL DESCRIPTION
Pages 96
650 ## - Subject
Subject Uttarakhand Collection : Himalaya Collection
700 ## - Added Entry Personal Name
Added Entry Personal Name Saxena, Abhay (ed)
700 ## - Added Entry Personal Name
Added Entry Personal Name Nautiyal, Om Prakash (ed)
700 ## - Added Entry Personal Name
Added Entry Personal Name Rawat, Anita (ed)
700 ## - Added Entry Personal Name
Added Entry Personal Name Yadav, Bhanu Priya (ed)
700 ## - Added Entry Personal Name
Added Entry Personal Name Patel, Chandrashekhar (ed)
942 ## - ADDED ENTRY ELEMENTS (KOHA)
Koha item type Books
100 ## - MAIN ENTRY--PERSONAL NAME
-- 26889
650 ## - Subject
-- 13
700 ## - Added Entry Personal Name
-- 26890
700 ## - Added Entry Personal Name
-- 26882
700 ## - Added Entry Personal Name
-- 26881
700 ## - Added Entry Personal Name
-- 26891
700 ## - Added Entry Personal Name
-- 26892
952 ## - LOCATION AND ITEM INFORMATION (KOHA)
-- 2026-05-23
Holdings
Withdrawn status Lost status Source of classification or shelving scheme Damaged status Not for loan Location (home branch) Sublocation or collection (holding branch) Date acquired Koha full call number Accession No. Koha date last seen Koha item type
          Doon University Doon University 23.05.2026 294.5921 RAN 53956 23.05.2026 Books
Contact : +91-135-2533126 (Library),+91-135-2533105 (Admin Office) , Email : doonlibrary@gmail.com

Powered by Koha